Freguesias de Vinhais - Statistics

Estatísticas Gerais
  • Esse quiz foi jogado 5 vezes
  • A pontuação média é 21 de 35
Estatísticas das Respostas
Número Freguesias % Correto
1 Agrochão
100%
4 Celas
100%
9 Fresulfe
100%
13 Nunes
100%
14 Ousilhão
100%
17 Pinheiro Novo
100%
18 Quirás
100%
19 Rebordelo
100%
23 Sobreiró de Baixo
100%
29 Vila Boa de Ousilhão
100%
31 Vilar de Lomba
100%
32 Vilar de Ossos
100%
33 Vilar de Peregrinos
100%
34 Vilar Seco de Lomba
100%
30 Vila Verde
100%
35 Vinhais
100%
10 Mofreita
67%
11 Moimenta
67%
22 São Jomil
67%
2 Alvaredos
33%
5 Curopos
33%
12 Montouto
33%
16 Penhas Juntas
33%
24 Soeira
33%
25 Travanca
33%
28 Vale das Fontes
33%
27 Vale de Janeiro
33%
3 Candedo
0%
6 Edral
0%
7 Edrosa
0%
8 Ervedosa
0%
15 Paçó
0%
20 Santa Cruz
0%
21 Santalha
0%
26 Tuizelo
0%
Nenhum quiz correspondente encontrado
Distribuição das Pontuações
Porcentagem de Pessoas com Cada Pontuação
Percentil de Números Respondidos
Sua Pontuação Histórica
Você não jogou esse quiz